What Went Wrong? : Case Histories of Process Plant Disasters and How They Could Have Been Avoided /
Salvato in:
| Autore principale: | |
|---|---|
| Altri autori: | |
| Natura: | Libro |
| Lingua: | inglese |
| Pubblicazione: |
Cambridge
Elsevier
2019
|
| Edizione: | 6th Ed. |
| Soggetti: | |
| Tags: |
Nessun Tag, puoi essere il primo ad aggiungerne!!
|
MARC
| LEADER | 00000nam a22000003a 4500 | ||
|---|---|---|---|
| 001 | 0085674 | ||
| 003 | SK-STU | ||
| 005 | 20201218073042.6 | ||
| 007 | ta | ||
| 008 | 201218s ----xo-----e------000-0-----d | ||
| 020 | |a 978-0-12-810539-9 | ||
| 040 | |a STU |b slo | ||
| 041 | 0 | |a eng | |
| 044 | |a xxu | ||
| 100 | 1 | |a Kletz, Trevor |4 aut | |
| 245 | 1 | 0 | |a What Went Wrong? : |b Case Histories of Process Plant Disasters and How They Could Have Been Avoided / |c aut. Trevor Kletz, Paul Amyotte |
| 250 | |a 6th Ed. | ||
| 260 | |a Cambridge |b Elsevier |c 2019 | ||
| 300 | |a 778 s. | ||
| 650 | 0 | 7 | |a chemické závody |
| 700 | 1 | |a Amyotte, Paul | |
| 996 | |b 284M088549 |c M* 14437-1 |l MMST |s A |a 24 |w 0085674_0001 | ||